000 00846nam a22002177a 4500
999 _c14080
_d14080
003 AR-CdUCM
008 190422b ||||| |||| 00| 0 spa d
040 _aMUNICIPALIDAD PROVINCIAL DEL CUSCO
_cBIBLIOTECA MUNICIPAL DEL CUSCO
082 _a951 /
_bC554
100 _aChing Ling, Soong
_932749
245 _aEl atuendo de los chinos /
260 _aChina :
_bCorporacion China de comercio internacional,
300 _a46 paginas ;
_bIlustraciones,
_c18 cm.
505 _aContenido : Textiles para los 1.000 millones de Chinos -- Cambios en la moda de los Beijineses -- Primera explosión nacional de vestidos -- Atuendo y ornamentos de las minorías nacionales de China...
650 _aChina
_9843
650 _aModa
_932750
650 _aVestido
_932751
650 _aTextiles
_913427
942 _2ddc
_cLIBROS
945 _awnts
_d2019-04-22